Normal view
MARC view
Entry Personal Name
001 - CONTROL NUMBER
- control field: 76873
003 - CONTROL NUMBER IDENTIFIER
- control field: dpl
005 - DATE AND TIME OF LATEST TRANSACTION
- control field: 20250123102412.0
008 - FIXED-LENGTH DATA ELEMENTS
- fixed length control field: 250123|| aca||aabn | a|a d
040 ## - CATALOGING SOURCE
- Original cataloging agency: dpl
- Transcribing agency: dpl
100 ## - HEADING--PERSONAL NAME
- Personal name: Sudher, Jaladi Ratna
670 ## - SOURCE DATA FOUND
- Source citation: Work cat.: (dpl)206638: Sudher, Jaladi Ratna , The Seven Secrets:, 2023
